000 00530nam a22001457a 4500
005 20240322113519.0
008 240322b |||||||| |||| 00| 0 eng d
082 _a954.7
_bMUN-P
100 _aMuneer Ahmad
245 _aPakistan tout jaye ga ? :
_bMulki or gair mulki sazishoon ki dastaan jo aik martabah phir humain kisi sanhay se do-char kerna shahtay hain /
_cMuneer Ahmad
260 _aPakistan :
_bTahleeqatay Lahore,
_cc1996 .
300 _a400 p. :
_bill ,
_c22 cm .
650 _aLiterature / political science
999 _c35440
_d35440